<?xml version="1.0" encoding="UTF-8"?>
<record
    xmlns:xsi="http://www.w3.org/2001/XMLSchema-instance"
    xsi:schemaLocation="http://www.loc.gov/MARC21/slim http://www.loc.gov/standards/marcxml/schema/MARC21slim.xsd"
    xmlns="http://www.loc.gov/MARC21/slim">

  <leader>01360    a2200217   4500</leader>
  <controlfield tag="003">OSt</controlfield>
  <controlfield tag="005">20251210123157.0</controlfield>
  <controlfield tag="008">251209b        |||||||| |||| 00| 0 eng d</controlfield>
  <datafield tag="020" ind1=" " ind2=" ">
    <subfield code="a">9781259096952</subfield>
  </datafield>
  <datafield tag="100" ind1=" " ind2=" ">
    <subfield code="a">Mitchell T.</subfield>
    <subfield code="9">215695</subfield>
  </datafield>
  <datafield tag="245" ind1=" " ind2=" ">
    <subfield code="a">Machine Learning </subfield>
  </datafield>
  <datafield tag="260" ind1=" " ind2=" ">
    <subfield code="b">McGrawHill Edu</subfield>
    <subfield code="c">2013</subfield>
    <subfield code="a">New York</subfield>
  </datafield>
  <datafield tag="300" ind1=" " ind2=" ">
    <subfield code="a">414pp</subfield>
  </datafield>
  <datafield tag="520" ind1=" " ind2=" ">
    <subfield code="a">This textbook provides a single source introduction to the primary approaches to machine learning. It is intended for advanced undergraduate and graduate students, as well as for developers and researchers in the field. No prior background in artificial intelligence or statistics is assumed.

Several key algorithms, example date sets, and project- oriented home work assignments discussed in the book are accessible through the World Wide Web.

Feature:

The book covers the concepts and techniques from the various fields in a unified fashion

Covers very recent subjects such as genetic algorithms, reinforcement learning, and inductive logic programming.

Writing style is clear, explanatory and precise."</subfield>
  </datafield>
  <datafield tag="650" ind1="0" ind2="1">
    <subfield code="a">Concept Learning and the General-to-Specific Ordering</subfield>
    <subfield code="9">215761</subfield>
  </datafield>
  <datafield tag="650" ind1="0" ind2="2">
    <subfield code="a">Decision Tree Learning</subfield>
    <subfield code="9">215762</subfield>
  </datafield>
  <datafield tag="650" ind1="0" ind2="3">
    <subfield code="a">Artificial Neural Networks</subfield>
    <subfield code="9">215763</subfield>
  </datafield>
  <datafield tag="650" ind1="0" ind2="4">
    <subfield code="a">Evaluating Hypothese</subfield>
    <subfield code="9">215764</subfield>
  </datafield>
  <datafield tag="650" ind1="0" ind2="5">
    <subfield code="a">Computational Learning Theory</subfield>
    <subfield code="9">215765</subfield>
  </datafield>
  <datafield tag="942" ind1=" " ind2=" ">
    <subfield code="c">BK</subfield>
    <subfield code="2">ddc</subfield>
  </datafield>
  <datafield tag="999" ind1=" " ind2=" ">
    <subfield code="c">369314</subfield>
    <subfield code="d">369314</subfield>
  </datafield>
  <datafield tag="952" ind1=" " ind2=" ">
    <subfield code="0">0</subfield>
    <subfield code="1">0</subfield>
    <subfield code="2">ddc</subfield>
    <subfield code="4">0</subfield>
    <subfield code="7">0</subfield>
    <subfield code="8">MCA</subfield>
    <subfield code="a">001</subfield>
    <subfield code="b">001</subfield>
    <subfield code="d">2025-12-06</subfield>
    <subfield code="e">8</subfield>
    <subfield code="g">1155.00</subfield>
    <subfield code="l">0</subfield>
    <subfield code="p">KBJP-BK-2888</subfield>
    <subfield code="r">2025-12-06 00:00:00</subfield>
    <subfield code="v">1540.00</subfield>
    <subfield code="w">2025-12-06</subfield>
    <subfield code="y">BK</subfield>
    <subfield code="z">2888</subfield>
  </datafield>
</record>
